Finish that Line: Parks and Rec (series 3) II Quiz Stats

 Plays Quiz not verified by Sporcle

Challenge
Share
Tweet
Embed
Score 0/21 Timer 08:00
2 Plays Today
% Correct
sandwiches are sammies, sandoozles or Adam Sandlers.
94.6%
like my actual brother, Levondrius. Who I hate.
94.5%
unable to make out with the lightbulb I want to make out with.
94.5%
manipulative, psychotic, library book-pedalling, sex-crazed, she-demon.
94.4%
Dennis Feinstein, because that's way more exotic in Pawnee.
94.4%
I just took off my shoes and held them in my hand.
94.1%
network connectivity problems.
94%
I like to think it applies to life.
93.7%
and the guy said he wasn't 'feeling it' so he left and I waited for an ambulance by myself.
93.6%
Alta Vista? What is this, 1997?
93.3%
and History Channel documentaries.
93.3%
% Correct
I wouldn't wish it on my worst enemy.
92.8%
but I will back in time for lunch.
92.8%
the face?
92.5%
the whiz palace, as I like to call it.
92.2%
for Snake Juice.
92.2%
meets agriculture.
92.2%
I would never be able to find a worse assistant.
92.2%
is a question.
91.7%
the Grand Canyon.
91.1%
topless Leslie glued to a horse!
91%

You're not logged in!

Compare scores with friends on all Sporcle quizzes.
Join for Free
OR
Log In

You Might Also Like...

Show Comments

Extras

Top Quizzes Today


Score Distribution

Your Account Isn't Verified!

In order to create a playlist on Sporcle, you need to verify the email address you used during registration. Go to your Sporcle Settings to finish the process.

Report this User

Report this user for behavior that violates our Community Guidelines.

Details: